000 00553nam a2200217 a 4500
999 _c8448
_d8448
001 8448
003 BD-JhCC
005 20181002175737.0
008 180224b1967 e a|||| ||a| 000 0 eng d
035 _a(BD-JhCC) 8448
040 _aBD-JhCC
_dBD-JhCC
041 _aeng
082 _a540
_bJOH 1967
100 _aJohnstone. A.H
245 _aChemistry Takes Shape-Book Four /
_c A.H Johnstone
260 _aLondon :
_bEducational Books Ltd. London ,
_c1967
300 _a80 p .:
_c24 cm .
650 _aChemistry
942 _2ddc
_cBK